Quizzes
Events
Quiz Creation
Community
Videos
Private Events
Remove Ads
Sign In
Join for FREE
Feedback
Dark Mode
Quiz Categories
Sports
Geography
Music
Movies
Television
Just For Fun
Miscellaneous
History
Literature
Language
Science
Gaming
Entertainment
Religion
Holiday
For Kids
Quiz Lab
Recent
Popular Today
Quiz Kudos Today
Editor Picks
Curator Picks
Quizzes by...
Day
Popularity
Type
Ratings
Length
Year
Community
Subscriptions
Recent Discussions
Orange Saloon
Badges
Playlists
Quests
Create
Leaderboards
Showdown
Live 5
Trivia Bingo
Activity
Puzzle Library
Sporcle Events
Private Events
Virtual Trivia
Globe League
Become a Host
Pub Owners
SporcleCon
Opinionation
Our Games
Videos
Blog
Mobile Apps
Partnerships
Remove Ads and Go Orange
Feedback
Geography
Country
Landmarks
City
State
Population
World
Capital
Continent
Flags
Europe
Africa
Asia
South America
North America
Oceania
Border
Canada
United Kingdom
Topography
United States
Geography
Country
Landmarks
City
State
Population
World
Capital
Continent
Flags
Europe
Africa
Asia
South America
North America
Oceania
Border
Canada
United Kingdom
Topography
United States
Random Quiz
Search Sporcle
×
Quiz Lab
Quiz Lab
Geography
State
Type in answers that appear in a list
Type in answers that appear in a list
Classic
Best Score? Go Orange.
Dirty States Stats
Can you name the States by State Soil?
By
hydrolphin
10m
50 Questions
51 Plays
51 Plays
51 Plays
Comments
Comments
Give Quiz Kudos
Give Quiz Kudos
-
- Ratings
hide this ad
More Info
Forced Order
Answers have to be entered in order
Answers have to be entered in order
Random Order
Randomize order of answers
Randomize order of answers
Replay
Link that replays current quiz
Next Quiz
Link to next quiz in quiz playlist
You Got
0%
They Got
Avg Score
24%
Avg Friend Score
Upgrade to see
Score Distribution
Jump to the score distribution portion of the page
Score
0/50
Timer
10:00
0
Plays Today
Soil
State
% Correct
San Joaquin
California
70.6%
Houston Black
Texas
64.7%
Hilo
Hawaii
58.8%
Bama
Alabama
54.9%
Casa Grande
Arizona
54.9%
Narragansett
Rhode Island
51%
Natchez
Mississippi
41.2%
Miamian
Ohio
31.4%
Monongahela
West Virginia
31.4%
Miami
Indiana
29.4%
Windsor
Connecticut
27.5%
Orovada
Nevada
25.5%
Honeoye
New York
23.5%
Seitz
Colorado
21.6%
Myakka
Florida
21.6%
Tifton
Georgia
21.6%
Paxton
Massachusetts
21.6%
Penistaja
New Mexico
21.6%
Tanana
Alaska
19.6%
Stuttgart
Arkansas
19.6%
Ruston
Louisiana
19.6%
Cecil
North Carolina
19.6%
Port
Oklahoma
19.6%
Hazleton
Pennsylvania
19.6%
Lynchburg
South Carolina
19.6%
Soil
State
% Correct
Mivida
Utah
19.6%
Threebear
Idaho
17.6%
Drummer
Illinois
17.6%
Harney
Kansas
17.6%
Kalkaska
Michigan
17.6%
Lester
Minnesota
17.6%
Holdrege
Nebraska
17.6%
Marlow
New Hampshire
17.6%
Williams
North Dakota
17.6%
Dickson
Tennessee
17.6%
Pamunkey
Virginia
17.6%
Antigo
Wisconsin
17.6%
Greenwich
Delaware
15.7%
Tama
Iowa
15.7%
Crider
Kentucky
15.7%
Chesuncook
Maine
15.7%
Sassafras
Maryland
15.7%
Jory
Oregon
15.7%
Houdek
South Dakota
15.7%
Tunbridge
Vermont
15.7%
Tokul
Washington
15.7%
Menfro
Missouri
13.7%
Downer
New Jersey
13.7%
Forkwood
Wyoming
13.7%
Scobey
Montana
11.8%
Quiz Playlist
Details
Report
Send in Message
Add To Playlist
More Info:
Each state has a designated state soil that is unique to it for some reason. The names for the soil are provided.
Classic:
Type in answers that appear in a list
Forced Order:
Answers have to be entered in order
Random Order:
Randomize order of answers
Quiz Source
Last Updated: Feb 16, 2017
Quiz Scoreboard
CHALLENGE
Sign Up to Join the Scoreboard
Show All
Scores
Hide
Comments
May contain spoilers
Recently Published
9x9 Crossword: Cartoon Network
by jackfrog10
Miscellaneous
3m
College Basketball Coaching Resumes
by pancakes188
Sports
9m
Billboard Blitz: Fleetwood Mac
by CooCooCachoo
Music
15s
More to Explore
Quiz From the Vault
Featured Blog Post
Where Did the Easter Bunny Come From?
hide this ad
You Might Also Like...
Tags
Geology Quiz
State Quiz
Dirty
soil
Today's Top Quizzes in Geography
Browse Geography
hide this ad
Today's Top Quizzes in State
Browse State
Top Contributed Quizzes in Geography
1
Countries of the World - No Outlines Minefield
2
Top 25 Cities of France on a map
3
Any capital of a 'B' country per Continent
4
Any capital of a 'C' country per Continent
5
Closest Countries to UK A-Z
6
Any capital of a 'D' country per Continent
7
5-to-1: US Geography No Hints
8
Any capital of an 'E' country per Continent
9
Find the US States - No Outlines
10
Any capital of an 'F' country per Continent
Explore More
Trending Topics
NBA
Anime
Crossword
Marvel
Harry Potter
Kpop
Disney
Country
Song
WWE
Pokémon
Soccer
The Office
Puzzle
NFL
hide this ad
More By:
hydrolphin
Quiz
Plays
Rating
Category
Featured
Created
US States by Largest Three Cities-Combined
2,820
4.65
Geography
May 4, 2011
Second Biggest City in the Metro
477
4.43
Geography
Sep 2, 2011
Best Picture Winners
342
3.63
Movies
Jan 19, 2010
Winningest MLB franchises of all time
342
2.67
Sports
Feb 21, 2010
US States by Average County Size
258
5.00
Geography
Mar 10, 2011
Go to Creator's Profile
Score Distribution
Quiz Creator Spotlight
hydrolphin
Follow
Send a Message
Quizzes Created
-
Created Quiz Play Count
-
More By This Creator
Popular Quizzes Today
1
Find the US States - No Outlines Minefield
2
Find the Countries of Europe - No Outlines Minefield
3
The Countries of the World
4
Find the US States
5
Risky Map Clicking: Biggest States A-Z
6
US States
7
Popular People in 1961
8
Movies - When Are They Set?
More Geography Quizzes
Pizza South America!
Published
Trending Quizzes
Risky Map Clicking: Least Populous States A-Z
1-10 Letter G Words
1-10 Letter F Words
Risky Map Clicking: Next State Alphabetically
Adjectives in 80s TV Shows
Recently Updated
Leaping Animals
pecheneg
Reality TV Shows (A-Z)
bhenderson79
Rickey Henderson's Hall of Fame Teammates
pecheneg
Champions League XIs: Arsenal
pecheneg
Quick Pick: Celebrities in WWE's Hall of Fame
aduchscher
A-Z Keypad Blitz II
pecheneg
Multiple Oscar Actors
pecheneg
Mystery Phrase Blitz: Oscar 'Best Actors'
pecheneg
F. Scott Fitzgerald Novels
LTH
Pick 3 Villains
ddd62291
Trending Topics
Kpop
NBA
Marvel
Harry Potter
Disney
Crossword
Anime
WWE
Soccer
Song
Puzzle
NFL
The Office
Country
Pokémon
Your Account Isn't Verified!
In order to create a playlist on Sporcle, you need to verify the email address you used during registration. Go to your
Sporcle Settings
to finish the process.
Report this User
Report this user for behavior that violates our
Community Guidelines
.
Details:
Send Report
Go to the Sporcle.com Mobile Site →
Comments